Obchodné giganty mieria do Ľubovne

Bibliographic Details
Format: Article
Language:Slovak
Subjects:

MARC

LEADER 00000nab a2200000 a 4500
001 vtls009157106
003 SK-MaSNL
005 20260303064407.0
008 071108 2007 xo w n 000 0 slo
038 |a SLLK 
040 |a SLLK  |b slo  |c sllk  |e AACR2 
041 0 |a slo 
044 |a xo  |c SK 
080 |a 725.211.5  |2 1997 
245 0 0 |a Obchodné giganty mieria do Ľubovne  |c [autor] (mv) 
610 2 7 |a Tesco Stores SR (Slovensko)  |x hypermarkety  |2 snkbucl  |9 28892 
610 2 7 |a Kaufland (Stará Ľubovňa, Slovensko)  |2 snkbucl  |9 1063002 
648 7 |a 2007  |2 snkbucl  |9 313226 
650 0 7 |a hypermarkety  |x výstavba  |x schvaľovanie  |2 snkbucl  |9 1063003 
650 0 7 |a investičné projekty  |2 snkbucl  |9 429215 
651 7 |a Stará Ľubovňa (Slovensko)  |2 snkbucl  |9 19193 
773 0 |t Ľubovnianske noviny  |g Roč. XXXIII, č. 42 (2007), s. 1 
852 |a SLLK  |b KIS3GCP 
999 |c 1746934  |d 1748864